Как рационально и комфортно организовать мыслительную деятельность: методические рекомендации о приемах усвоения знаний, особенностях памяти, запоминания и многом другом

Dades bibliogràfiques
Autor principal: Антоненко Л. Е.
Altres autors: Иванкина Л. И. Любовь Ивановна
Sumari:В фонде НТБ ТПУ отсутствует
Idioma:rus
Publicat: Томск, Изд-во ТПУ, 1992
Matèries:
Format: MixedMaterials Llibre
KOHA link:https://koha.lib.tpu.ru/cgi-bin/koha/opac-detail.pl?biblionumber=599950

MARC

LEADER 00000nam0a2200000 4500
001 599950
005 20231101132100.0
035 |a (RuTPU)RU\TPU\tpu\24112 
035 |a RU\TPU\tpu\24096 
090 |a 599950 
100 |a 20131209d1992 m y0rusy50 ca 
101 0 |a rus 
102 |a RU 
105 |a a z 001zy 
200 1 |a Как рационально и комфортно организовать мыслительную деятельность  |e методические рекомендации о приемах усвоения знаний, особенностях памяти, запоминания и многом другом  |f Л. Е. Антоненко, Л. И. Иванкина 
210 |a Томск  |c Изд-во ТПУ  |d 1992 
215 |a 29 с. 
333 |a В фонде НТБ ТПУ отсутствует 
610 1 |a труды учёных ТПУ 
700 1 |a Антоненко  |b Л. Е. 
701 1 |a Иванкина  |b Л. И.  |c специалист в области философии, социологии и психологии образования  |c профессор Томского политехнического университета, доктор философских наук  |f 1956-  |g Любовь Ивановна  |x TPU  |2 stltpush  |3 (RuTPU)RU\TPU\pers\25426 
801 1 |a RU  |b 63413507  |c 20130212 
801 2 |a RU  |b 63413507  |c 20131209  |g RCR 
942 |c BK